| 000 | 00992cab a2200217 4500 | ||
|---|---|---|---|
| 001 | ABS55646 | ||
| 008 | 090401t1996 xxu||||| |||| 00| 0 eng d | ||
| 035 | _a(Sirsi) u17752 | ||
| 041 | _aeng | ||
| 245 | _aAdjudication | ||
| 260 | _c1996 | ||
| 350 | _a0 | ||
| 490 |
_aRIBA Journal _v103(9) September 1996, 63-67(3) |
||
| 520 | _aOutlines provisions for adjudication in construction disputes contained in the Housing Grants Construction and Regeneration Act 1996. The sections on adjudication will come into force once the appropriate statutory instruments have been issued. | ||
| 650 | _aMANAGEMENT-DISPUTE AVOIDANCE, MANAGEMENT AND RESOLUTION-DISPUTE MANAGEMENT AND RESOLUTION-ALTERNATIVE DISPUTE RESOLUTION-ADJUDICATION | ||
| 650 | _aCONSTRUCTION DISPUTES | ||
| 650 | _aHOUSING GRANTS CONSTRUCTION AND REGENERATION ACT 1996 | ||
| 690 | _aMANAGEMENT-DISPUTE AVOIDANCE, MANAGEMENT AND RESOLUTION-DISPUTE MANAGEMENT AND RESOLUTION-ARBITRATION | ||
| 942 | _n0 | ||
| 948 | _c04/03/1997 | ||
| 999 |
_c11774 _d11774 |
||